[Event "Junior Online 4NCL Division 5"]
[Site "online"]
[Date "2020.05.28"]
[Round "7.67"]
[White "Stanley, Isaac"]
[Black "Hatem, Mika"]
[Result "0-1"]
[WhiteElo "1165"]
[BlackElo "1450"]
[PlyCount "42"]
[EventDate "2020.05.28"]
[WhiteTeam "Blackburn's Rovers"]
[BlackTeam "Hammersmith 2"]

1. d4 Nf6 2. c4 e6 3. Nc3 Bb4 4. Bg5 Nc6 5. e3 d6 6. d5 exd5 7. cxd5 Ne5 8.
Qa4+ Bd7 9. Qxb4 O-O 10. Be2 Re8 11. Nh3 Qe7 12. O-O Bxh3 13. gxh3 Rad8 14.
Bxf6 Qxf6 15. Ne4 Nf3+ 16. Bxf3 Qxf3 17. Rfc1 Rxe4 18. Qxb7 Qxh3 19. Kh1 Rg4
20. Rg1 Qf3+ 21. Rg2 Qxg2# 0-1

[Event "Junior Online 4NCL Division 5"]
[Site "online"]
[Date "2020.05.28"]
[Round "7.68"]
[White "Harb, Laith A"]
[Black "Evans, Dylan"]
[Result "1-0"]
[WhiteElo "1390"]
[BlackElo "1067"]
[PlyCount "35"]
[EventDate "2020.05.28"]
[WhiteTeam "Hammersmith 2"]
[BlackTeam "Blackburn's Rovers"]

1. d4 d5 2. c4 e5 3. dxe5 dxc4 4. Qxd8+ Kxd8 5. e3 b5 6. Nc3 a6 7. Nf3 Nc6 8.
Be2 f6 9. exf6 gxf6 10. O-O Bc5 11. Rd1+ Bd7 12. b3 Nge7 13. bxc4 bxc4 14. Bxc4
a5 15. Be6 Ke8 16. Bxd7+ Kd8 17. Bxc6+ Kc8 18. Bxa8 1-0

[Event "Junior Online 4NCL Division 5"]
[Site "online"]
[Date "2020.05.28"]
[Round "7.71"]
[White "Cepoi, Gesneria"]
[Black "Triffitt, Bradley"]
[Result "0-1"]
[WhiteElo "1075"]
[BlackElo "1495"]
[PlyCount "68"]
[EventDate "2020.05.28"]
[WhiteTeam "Uxbridge Juniors Girls"]
[BlackTeam "Hull and Friends 2"]

1. e4 c5 2. Nf3 Nc6 3. Bc4 e6 4. O-O Be7 5. Nc3 Nf6 6. d3 O-O 7. Be3 d5 8. exd5
exd5 9. Bb5 d4 10. Bxc6 bxc6 11. Bg5 dxc3 12. bxc3 h6 13. Be3 Nd5 14. Bd2 Bf6
15. d4 cxd4 16. cxd4 Bg4 17. Bb4 Nxb4 18. c3 Nd5 19. Rc1 Bg5 20. Rc2 Qa5 21.
Qd3 Ne7 22. c4 Bf5 23. Qc3 Qxc3 24. Rxc3 Bf6 25. Rd1 c5 26. a4 cxd4 27. Nxd4
Rfd8 28. Re3 Nc6 29. h3 Nxd4 30. Rc1 Bg5 31. c5 Bxe3 32. fxe3 Ne2+ 33. Kf2 Nxc1
34. c6 Rac8 0-1

[Event "Junior Online 4NCL Division 5"]
[Site "online"]
[Date "2020.05.28"]
[Round "7.72"]
[White "Wood, Philip A"]
[Black "Eshwar, Ananya"]
[Result "1-0"]
[WhiteElo "1427"]
[BlackElo "902"]
[PlyCount "149"]
[EventDate "2020.05.28"]
[WhiteTeam "Hull and Friends 2"]
[BlackTeam "Uxbridge Juniors Girls"]

1. d4 d5 2. Nc3 Nf6 3. Bf4 Bg4 4. h3 Bf5 5. Nf3 Nc6 6. e3 Bd7 7. Bd3 e6 8. a3
Be7 9. e4 dxe4 10. Nxe4 Nxe4 11. Bxe4 O-O 12. c3 Bf6 13. O-O Rb8 14. Bc2 g6 15.
Re1 Re8 16. Ne5 Nxe5 17. Bxe5 Bg7 18. Bxg7 Kxg7 19. Qd2 Bc6 20. Rad1 Qd5 21.
Be4 Qd6 22. Bxc6 Qxc6 23. Qe3 a6 24. Qe4 Qb5 25. Qe2 Qxe2 26. Rxe2 b5 27. Red2
c6 28. Rc1 a5 29. b4 a4 30. c4 bxc4 31. Rxc4 Rbc8 32. Rc5 f5 33. Ra5 Ra8 34.
Rc2 Rxa5 35. bxa5 Ra8 36. Rxc6 Kf7 37. Rc7+ Kf8 38. Rc5 Ke7 39. Rc7+ Kd6 40.
Rc5 e5 41. Rxe5 Kd7 42. Rb5 Rc8 43. a6 Kc6 44. Rc5+ Kd7 45. a7 Ra8 46. Ra5 Kc6
47. Rxa4 Kb5 48. Rb4+ Ka6 49. d5 Rxa7 50. d6 Rd7 51. Rd4 Kb5 52. Rd1 Ka4 53.
Rd3 Kb5 54. Rb3+ Kc6 55. Rc3+ Kd5 56. Rc7 Rxd6 57. Rxh7 Kc5 58. Kh2 g5 59. a4
Ra6 60. Rh5 Kd5 61. Rxg5 Ke6 62. Rg6+ Ke5 63. Rxa6 f4 64. a5 Ke4 65. Rb6 f3 66.
gxf3+ Kxf3 67. a6 Kxf2 68. a7 Kf3 69. a8=Q+ Kf2 70. Rf6+ Ke1 71. Qe8+ Kd1 72.
Rd6+ Kc1 73. Qc8+ Kb1 74. Rb6+ Ka1 75. Qa8# 1-0

[Event "Junior Online 4NCL Division 5"]
[Site "online"]
[Date "2020.05.28"]
[Round "7.73"]
[White "Siddiqui, Zainab"]
[Black "Pointon, Natasha"]
[Result "1-0"]
[WhiteElo "820"]
[BlackElo "1165"]
[PlyCount "183"]
[EventDate "2020.05.28"]
[WhiteTeam "Uxbridge Juniors Girls"]
[BlackTeam "Hull and Friends 2"]

1. e4 e5 2. Bc4 Nc6 3. Qh5 Qe7 4. d3 Nf6 5. Qf3 d6 6. Bg5 h6 7. Bxf6 gxf6 8.
Nc3 Be6 9. Bxe6 Qxe6 10. Nd5 O-O-O 11. O-O-O Bg7 12. h3 Nd4 13. Qh5 Nc6 14. Nf3
a6 15. b3 Qd7 16. c4 Nb4 17. Nxb4 Qe6 18. g3 Kb8 19. d4 Rh7 20. dxe5 fxe5 21.
Nd5 f6 22. Qg6 Qg8 23. Ne7 Qh8 24. Qf7 Qf8 25. Qg6 Qh8 26. Nd5 Rc8 27. Ne7 Re8
28. Nd5 c6 29. Nb6 Rd8 30. Nh4 Re8 31. Nd7+ Ka7 32. Rxd6 Bf8 33. Qxe8 Bxd6 34.
Qe6 Bc7 35. Nxf6 Rg7 36. Ne8 Bd8 37. Nxg7 Qxg7 38. Rd1 Bxh4 39. gxh4 Qg8 40.
Qxg8 h5 41. Rd8 a5 42. Ra8+ Kb6 43. Qd8+ Kc5 44. Qf8+ Kd4 45. Rd8+ Kxe4 46.
Qf3+ Kxf3 47. Rf8+ Kg2 48. f4 exf4 49. Rxf4 Kxh3 50. Re4 b5 51. c5 b4 52. Kd1
Kg3 53. a4 Kf3 54. Re6 Kg4 55. Re4+ Kh3 56. Ke1 Kg3 57. Kf1 Kh3 58. Kg1 Kg3 59.
Rd4 Kh3 60. Kf2 Kh2 61. Rf4 Kh1 62. Rf5 Kh2 63. Rxh5 Kh3 64. Rh6 Kg4 65. Kg2
Kf4 66. Rxc6 Kg4 67. Rh6 Kf4 68. h5 Kg5 69. Rh8 Kf6 70. h6 Kg6 71. h7 Kg7 72.
Ra8 Kxh7 73. Rxa5 Kg7 74. c6 Kf8 75. Ra8+ Ke7 76. c7 Kd7 77. c8=Q+ Kd6 78. Qd8+
Ke5 79. a5 Ke4 80. a6 Ke3 81. a7 Ke4 82. Rc8 Ke5 83. a8=Q Kf4 84. Qh8 Kf5 85.
Re8 Kf4 86. Qd8 Kf5 87. Rf8+ Ke4 88. Re8+ Kf5 89. Qe7 Kf4 90. Rf8+ Kg4 91. Qf7
Kg5 92. Qfg7# 1-0

[Event "Junior Online 4NCL Division 5"]
[Site "online"]
[Date "2020.05.28"]
[Round "7.74"]
[White "Luckhurst, Isaac"]
[Black "Vijayakumar, Mrinali"]
[Result "1-0"]
[WhiteElo "1075"]
[BlackElo "790"]
[PlyCount "59"]
[EventDate "2020.05.28"]
[WhiteTeam "Hull and Friends 2"]
[BlackTeam "Uxbridge Juniors Girls"]

1. e4 Nf6 2. Bd3 e5 3. Nf3 Nc6 4. c3 d5 5. exd5 Nxd5 6. O-O Nf4 7. Bb5 Bc5 8.
d4 a6 9. Bc4 exd4 10. cxd4 Bb4 11. Ng5 Qd7 12. Nxf7 Nxd4 13. Nxh8 Qf5 14. Qxd4
Ne2+ 15. Kh1 Nxd4 16. a3 Bc3 17. bxc3 Nb3 18. Bxb3 Bd7 19. Re1+ Kf8 20. Ra2
Qxb1 21. Rae2 Qxb3 22. Bg5 Qxa3 23. Be7+ Ke8 24. Bxa3+ Be6 25. Rxe6+ Kd7 26. f4
Rxh8 27. f5 Rf8 28. Rd1+ Kc8 29. Bxf8 g6 30. Re8# 1-0

[Event "Junior Online 4NCL Division 5"]
[Site "online"]
[Date "2020.05.28"]
[Round "7.75"]
[White "Triffitt, Bradley"]
[Black "Cepoi, Gesneria"]
[Result "1-0"]
[WhiteElo "1495"]
[BlackElo "1075"]
[PlyCount "65"]
[EventDate "2020.05.28"]
[WhiteTeam "Hull and Friends 2"]
[BlackTeam "Uxbridge Juniors Girls"]

1. d4 d5 2. c4 Nf6 3. Nc3 e6 4. Bg5 Be7 5. Nf3 Nc6 6. e3 h6 7. Bf4 O-O 8. Be2
a6 9. O-O Rb8 10. a4 Nb4 11. Qb3 a5 12. Nb5 dxc4 13. Bxc4 Ra8 14. Nxc7 Ra7 15.
Nb5 Ra6 16. Nc3 Rc6 17. Ne5 Rc7 18. Nb5 Rd7 19. Nxd7 Qxd7 20. Bc7 Ne4 21. Rfd1
Qc6 22. Bxa5 Na6 23. Rac1 Rd8 24. Bxd8 Bxd8 25. Bd3 Qd5 26. Qxd5 exd5 27. Bxe4
Be6 28. Bf3 Bf6 29. Nc7 Nb4 30. Nxe6 fxe6 31. Bh5 e5 32. Bg6 exd4 33. Rc8+ 1-0

[Event "Junior Online 4NCL Division 5"]
[Site "online"]
[Date "2020.05.28"]
[Round "7.76"]
[White "Eshwar, Ananya"]
[Black "Wood, Philip A"]
[Result "0-1"]
[WhiteElo "902"]
[BlackElo "1427"]
[PlyCount "108"]
[EventDate "2020.05.28"]
[WhiteTeam "Uxbridge Juniors Girls"]
[BlackTeam "Hull and Friends 2"]

1. d4 d5 2. Bf4 Nc6 3. e3 Bf5 4. Nf3 Nf6 5. Bd3 Bg6 6. Bxg6 hxg6 7. O-O e6 8.
Bg5 Be7 9. Nbd2 Qd6 10. Bf4 Qd7 11. h3 Bd6 12. Bxd6 Qxd6 13. b3 O-O-O 14. c4
Qe7 15. c5 Nd7 16. b4 a6 17. a3 g5 18. Ne5 Ndxe5 19. dxe5 Nxe5 20. Re1 Rh7 21.
e4 dxe4 22. Rxe4 Nc6 23. Nf3 Rxd1+ 24. Rxd1 f5 25. Re3 g4 26. Nh2 gxh3 27. gxh3
Qg5+ 28. Kf1 f4 29. Red3 Rh8 30. Nf3 Qh5 31. h4 e5 32. Rd5 Qxf3 33. R5d3 Qh1+
34. Ke2 Qxh4 35. Kf3 Qh3+ 36. Ke4 Qg2+ 37. Kf5 Rf8+ 38. Ke6 Qg4+ 39. Kd5 Rd8+
40. Kc4 f3+ 41. Kb3 Rxd3+ 42. Rxd3 Qe6+ 43. Kc3 e4 44. Rd2 Qe5+ 45. Kc4 e3 46.
fxe3 Qxe3 47. Rd3 Qc1+ 48. Rc3 Qf4+ 49. Kb3 f2 50. b5 Na5+ 51. Kb2 f1=Q 52. c6
Qd2+ 53. Rc2 Qfc1+ 54. Ka2 Qdxc2# 0-1

[Event "Junior Online 4NCL Division 5"]
[Site "online"]
[Date "2020.05.28"]
[Round "7.77"]
[White "Pointon, Natasha"]
[Black "Siddiqui, Zainab"]
[Result "0-1"]
[WhiteElo "1165"]
[BlackElo "820"]
[PlyCount "120"]
[EventDate "2020.05.28"]
[WhiteTeam "Hull and Friends 2"]
[BlackTeam "Uxbridge Juniors Girls"]

1. e4 e5 2. Nf3 Bc5 3. Bc4 Qf6 4. Qe2 a6 5. Nc3 b5 6. Bd5 c6 7. Bb3 Bb4 8. d3
Ba5 9. Bd2 d6 10. O-O b4 11. Na4 Qg6 12. Qe3 Nf6 13. Nb6 Ng4 14. Nxa8 Nxe3 15.
Bxe3 Bb7 16. Nh4 Qf6 17. Nf5 Bxa8 18. Rfe1 g6 19. Ng3 h5 20. a3 h4 21. Ne2 h3
22. axb4 Bxb4 23. Ng3 Bxe1 24. Rxe1 hxg2 25. Kxg2 Qh4 26. Rh1 Qg4 27. c3 Nd7
28. d4 exd4 29. Bxd4 Qh3+ 30. Kf3 Ne5+ 31. Bxe5 dxe5 32. Bc4 c5 33. Bxa6 f5 34.
Bb5+ Kf8 35. Bd3 fxe4+ 36. Bxe4 Bxe4+ 37. Kxe4 Qg4+ 38. Kxe5 Qg5+ 39. Kd6 c4
40. Ne4 Qg2 41. Ra1 Qxe4 42. Kc5 Qf5+ 43. Kxc4 Rh4+ 44. Kb3 Qb5+ 45. Kc2 Rxh2
46. Ra8+ Kf7 47. Ra7+ Kf6 48. Ra1 Rxf2+ 49. Kb1 Rf1+ 50. Ka2 Qa5+ 51. Kb3 Qxa1
52. c4 Rf3+ 53. Kb4 g5 54. Kb5 Qxb2+ 55. Kc5 g4 56. Kd5 g3 57. c5 g2 58. c6
g1=Q 59. c7 Qc2 60. Kd6 Qgd1# 0-1

[Event "Junior Online 4NCL Division 5"]
[Site "online"]
[Date "2020.05.28"]
[Round "7.78"]
[White "Vijayakumar, Mrinali"]
[Black "Luckhurst, Isaac"]
[Result "0-1"]
[WhiteElo "790"]
[BlackElo "1075"]
[PlyCount "102"]
[EventDate "2020.05.28"]
[WhiteTeam "Uxbridge Juniors Girls"]
[BlackTeam "Hull and Friends 2"]

1. d4 e6 2. e3 Bb4+ 3. Bd2 Qe7 4. c3 Ba5 5. Bb5 c6 6. Ba4 b5 7. b4 bxa4 8. bxa5
Nf6 9. Nf3 O-O 10. O-O Ba6 11. Qxa4 Bxf1 12. Kxf1 Nd5 13. c4 Nb6 14. axb6 d6
15. d5 exd5 16. cxd5 cxd5 17. Nc3 Nc6 18. Nxd5 Qe6 19. Nc7 Qc8 20. Nxa8 Qxa8
21. Rc1 Qd8 22. Qxc6 axb6 23. a4 Qf6 24. Bc3 Qe6 25. Ng5 Qh6 26. Bxg7 Qxg7 27.
f4 Qh6 28. a5 Qxh2 29. Nxh7 Kxh7 30. Qxd6 Qh1+ 31. Ke2 Qh5+ 32. Kd3 Re8 33.
axb6 Rg8 34. b7 Qg6+ 35. f5 Qxd6+ 36. Ke2 Rb8 37. Rb1 Qh6 38. e4 Qh5+ 39. g4
Qxg4+ 40. Kd2 Qxe4 41. Kc3 Qxb1 42. f6 Qxb7 43. Kd4 Qb5 44. Ke3 Rb6 45. Kd4
Rxf6 46. Ke4 Rh6 47. Kf4 Rh4+ 48. Ke3 Qb3+ 49. Kf2 Rh2+ 50. Kg1 Ra2 51. Kf1
Qb1# 0-1

[Event "Junior Online 4NCL Division 5"]
[Site "online"]
[Date "2020.05.28"]
[Round "7.81"]
[White "Sharma, Ayush"]
[Black "Li, Reya"]
[Result "0-1"]
[WhiteElo "1180"]
[BlackElo "1427"]
[PlyCount "98"]
[EventDate "2020.05.28"]
[WhiteTeam "Dulwich College Junior B"]
[BlackTeam "Ojays F"]

1. e4 e5 2. Nf3 Nc6 3. Nc3 Nf6 4. Bb5 a6 5. Bxc6 dxc6 6. Nxe5 Qe7 7. d4 c5 8.
Nf3 Nxe4 9. Nxe4 Qxe4+ 10. Be3 cxd4 11. Nxd4 Qxg2 12. Rf1 Bd6 13. Qe2 O-O 14.
O-O-O Bg4 15. f3 Qxe2 16. Nxe2 Bh3 17. Rg1 Rfe8 18. Rd3 Bf5 19. Rb3 Bxh2 20.
Rg2 Bd6 21. Bd4 g6 22. Rxb7 c5 23. Bf6 Re6 24. Bh4 Rae8 25. Kd1 Bxc2+ 26. Kxc2
Rxe2+ 27. Rxe2 Rxe2+ 28. Kb3 Re3+ 29. Kc4 Rxf3 30. Be1 Rf4+ 31. Kd5 Rd4+ 32.
Kc6 h5 33. Bc3 Rd3 34. Bf6 Bg3 35. Re7 Kf8 36. Ra7 Rd6+ 37. Kxc5 Rxf6 38. Ra8+
Kg7 39. Re8 h4 40. Rd8 Bf2+ 41. Kb4 h3 42. Rd1 h2 43. Kc4 Bg1 44. Rxg1 hxg1=Q
45. Kd5 Qg5+ 46. Kc4 Rf4+ 47. Kc3 Qg3+ 48. Kc2 Rf2+ 49. Kc1 Qg1# 0-1

[Event "Junior Online 4NCL Division 5"]
[Site "online"]
[Date "2020.05.28"]
[Round "7.82"]
[White "Genc, Guven"]
[Black "Ovchinnikov, Ivan"]
[Result "1-0"]
[WhiteElo "1397"]
[BlackElo "1150"]
[PlyCount "109"]
[EventDate "2020.05.28"]
[WhiteTeam "Ojays F"]
[BlackTeam "Dulwich College Junior B"]

1. e4 e5 2. Nf3 Nc6 3. Bc4 Bc5 4. Nc3 Nf6 5. O-O d6 6. d3 Bg4 7. h3 Bxf3 8.
Qxf3 Nd4 9. Qd1 O-O 10. Bg5 h6 11. Bxf6 Qxf6 12. Nd5 Qg5 13. Nxc7 Rac8 14. Nd5
b5 15. c3 bxc4 16. cxd4 cxd3 17. dxc5 dxc5 18. Qxd3 c4 19. Qe3 Qxe3 20. fxe3 f6
21. Ne7+ Kf7 22. Nxc8 Rxc8 23. Rac1 g6 24. b3 c3 25. Rc2 f5 26. exf5 g5 27.
Rfc1 Kf6 28. Rxc3 Rd8 29. Rc6+ Kxf5 30. Rxh6 Rg8 31. Ra6 Rg7 32. g4+ Ke4 33.
Re6 a5 34. Rc5 Ra7 35. Rexe5+ Kd3 36. Rxa5 Rxa5 37. Rxa5 Kc3 38. Rxg5 Kb2 39.
e4 Kxa2 40. e5 Kxb3 41. e6 Kc4 42. e7 Kd4 43. e8=Q Kd3 44. Rd5+ Kc4 45. Qc8+
Kxd5 46. Qc7 Ke6 47. Qd8 Kf7 48. Qd6 Kg7 49. Qe6 Kh7 50. Qf6 Kg8 51. Qe7 Kh8
52. Kf2 Kg8 53. Kf3 Kh8 54. Kf4 Kg8 55. Kf5 1-0

[Event "Junior Online 4NCL Division 5"]
[Site "online"]
[Date "2020.05.28"]
[Round "7.83"]
[White "Henderson, George"]
[Black "McAndrew, Rory"]
[Result "0-1"]
[WhiteElo "1000"]
[BlackElo "1397"]
[PlyCount "22"]
[EventDate "2020.05.28"]
[WhiteTeam "Dulwich College Junior B"]
[BlackTeam "Ojays F"]

1. e4 e5 2. Bc4 Nf6 3. d4 Nc6 4. d5 Na5 5. b3 Bc5 6. Nf3 Ng4 7. O-O d6 8. Bd2
Nxc4 9. Bg5 Qd7 10. Nbd2 Nxd2 11. Nxd2 h6 0-1

[Event "Junior Online 4NCL Division 5"]
[Site "online"]
[Date "2020.05.28"]
[Round "7.84"]
[White "McAndrew, Max"]
[Black "Chesney, Oliver"]
[Result "0-1"]
[WhiteElo "1390"]
[BlackElo "1007"]
[PlyCount "39"]
[EventDate "2020.05.28"]
[WhiteTeam "Ojays F"]
[BlackTeam "Dulwich College Junior B"]

1. e4 c5 2. Nf3 d6 3. d4 c4 4. Bxc4 Nc6 5. d5 Qa5+ 6. Bd2 Nb4 7. a3 b5 8. Bxb4
Qa4 9. Bb3 Qa6 10. Nc3 Bg4 11. h3 Bxf3 12. Qxf3 g6 13. O-O Bg7 14. a4 bxa4 15.
Bxa4+ Kf8 16. Bc6 Rb8 17. Rxa6 Rxb4 18. Rxa7 Rxb2 19. Ra8+ Rb8 20. Rxb8# 0-1

[Event "Junior Online 4NCL Division 5"]
[Site "online"]
[Date "2020.05.28"]
[Round "7.85"]
[White "Li, Reya"]
[Black "Sharma, Ayush"]
[Result "1-0"]
[WhiteElo "1427"]
[BlackElo "1180"]
[PlyCount "69"]
[EventDate "2020.05.28"]
[WhiteTeam "Ojays F"]
[BlackTeam "Dulwich College Junior B"]

1. e4 e5 2. Nf3 Nc6 3. Bc4 Nf6 4. d3 Bc5 5. c3 d5 6. exd5 Nxd5 7. Qb3 Be6 8.
Qb5 Bd7 9. Qxc5 Be6 10. O-O Qd7 11. Bxd5 Bxd5 12. Nbd2 O-O-O 13. c4 Be6 14. Qa3
Bg4 15. b4 Rhe8 16. b5 Nd4 17. Qxa7 Nxf3+ 18. gxf3 Qe6 19. fxg4 Qxg4+ 20. Kh1
Qg6 21. Ne4 Rxd3 22. Qa8+ Kd7 23. Qxb7 Ke6 24. Nc5+ Kf6 25. Nxd3 Qxd3 26. Bb2
Qxc4 27. Qf3+ Ke7 28. Rfe1 Kd6 29. Ba3+ Kd7 30. Rad1+ Ke6 31. Qe3 f6 32. f4
Qd5+ 33. Rxd5 Kxd5 34. f5 h6 35. Qc5# 1-0

[Event "Junior Online 4NCL Division 5"]
[Site "online"]
[Date "2020.05.28"]
[Round "7.86"]
[White "Ovchinnikov, Ivan"]
[Black "Genc, Guven"]
[Result "1-0"]
[WhiteElo "1150"]
[BlackElo "1397"]
[PlyCount "25"]
[EventDate "2020.05.28"]
[WhiteTeam "Dulwich College Junior B"]
[BlackTeam "Ojays F"]

1. e4 e5 2. Nf3 Nc6 3. Bc4 Bc5 4. Nc3 Nf6 5. d3 d6 6. Bg5 Bg4 7. O-O Qe7 8. Nd5
Bxf3 9. Qxf3 Qd8 10. Bxf6 gxf6 11. Nxf6+ Kf8 12. Qh5 Qe7 13. Qh6# 1-0

[Event "Junior Online 4NCL Division 5"]
[Site "online"]
[Date "2020.05.28"]
[Round "7.88"]
[White "Chesney, Oliver"]
[Black "McAndrew, Max"]
[Result "1-0"]
[WhiteElo "1007"]
[BlackElo "1390"]
[PlyCount "115"]
[EventDate "2020.05.28"]
[WhiteTeam "Dulwich College Junior B"]
[BlackTeam "Ojays F"]

1. e4 e5 2. Nf3 Nc6 3. Nc3 Nf6 4. Bc4 Bc5 5. Nxe5 Nxe5 6. d4 Nxc4 7. dxc5 d6 8.
cxd6 Nxd6 9. e5 Nde4 10. exf6 Qxd1+ 11. Kxd1 Nxf2+ 12. Ke1 Nxh1 13. fxg7 Rg8
14. Bh6 Be6 15. Ne4 Rxg7 16. Bxg7 O-O-O 17. Bf6 Re8 18. Kd2 Bh3 19. gxh3 Rxe4
20. Rxh1 Re6 21. Bc3 Rd6+ 22. Kc1 Ra6 23. a3 Rh6 24. Rf1 Rxh3 25. Rxf7 Rxh2 26.
Be5 Rh1+ 27. Kd2 Rh5 28. Rxc7+ Kd8 29. Rc5 b6 30. Rd5+ Ke7 31. c4 Ke6 32. Bd4
b5 33. Rxh5 Kf7 34. cxb5 Kg6 35. Rc5 h5 36. b6 axb6 37. Rb5 h4 38. Rxb6+ Kg5
39. Rb5+ Kg4 40. Rb8 Kg3 41. Be5+ Kg4 42. Rg8+ Kh5 43. Rh8+ Kg4 44. Rxh4+ Kxh4
45. b4 Kg5 46. b5 Kf5 47. b6 Kxe5 48. b7 Kd5 49. b8=Q Kc5 50. a4 Kc6 51. a5 Kc5
52. a6 Kd4 53. a7 Ke4 54. a8=R Kf3 55. Qe5 Kf2 56. Rf8+ Kg2 57. Qg7+ Kh2 58.
Rh8# 1-0

[Event "Junior Online 4NCL Division 5"]
[Site "online"]
[Date "2020.05.28"]
[Round "7.91"]
[White "Xu, Jiarui"]
[Black "Deeke, James"]
[Result "0-1"]
[WhiteElo "1420"]
[BlackElo "1360"]
[PlyCount "110"]
[EventDate "2020.05.28"]
[WhiteTeam "Cambridge Chess & Go B"]
[BlackTeam "Ojays G"]

1. e4 e5 2. Nf3 Nc6 3. Bc4 Nf6 4. Ng5 d5 5. exd5 Na5 6. Bb5+ c6 7. dxc6 bxc6 8.
Be2 h6 9. Nh3 Bd6 10. d3 Qc7 11. Bd2 Nb7 12. f3 Bxh3 13. gxh3 e4 14. dxe4 Bxh2
15. Ba6 Qg3+ 16. Kf1 Qxh3+ 17. Kf2 Bg3+ 18. Kg1 Qd7 19. Qf1 Qd4+ 20. Kg2 Nc5
21. Kxg3 Qxb2 22. Bc3 Qxc2 23. Bb7 Nxb7 24. Qa6 Nd8 25. Rh2 Qc1 26. Bd2 Qc5 27.
a3 Qe5+ 28. Kg2 Qxa1 29. Nc3 Qb2 30. Kg3 Nh5+ 31. Kh4 Nf6 32. Kg3 Qb8+ 33. f4
Qb6 34. Qc4 O-O 35. Qf1 Qd4 36. Qh1 Qd3+ 37. Kh4 Re8 38. e5 Nd5 39. Rh3 Qxd2
40. Nxd5 Qxd5 41. Qg1 Ne6 42. Kg4 Qe4 43. Qc1 Rac8 44. Kg3 Qd3+ 45. Kg2 Qe4+
46. Rf3 Qe2+ 47. Rf2 Qg4+ 48. Kf1 Nxf4 49. Rxf4 Qh3+ 50. Ke2 Rxe5+ 51. Kf2 Qh2+
52. Kf3 Qe2+ 53. Kg3 Rg5+ 54. Kh3 Qg2+ 55. Kh4 Qg3# 0-1

[Event "Junior Online 4NCL Division 5"]
[Site "online"]
[Date "2020.05.28"]
[Round "7.92"]
[White "Liu, Franklin"]
[Black "Ke, Kevin"]
[Result "1-0"]
[WhiteElo "1300"]
[BlackElo "1345"]
[PlyCount "37"]
[EventDate "2020.05.28"]
[WhiteTeam "Ojays G"]
[BlackTeam "Cambridge Chess & Go B"]

1. e4 e5 2. Nf3 Nc6 3. Bc4 Nd4 4. Nxd4 exd4 5. c3 dxc3 6. Nxc3 Nf6 7. d3 Bb4 8.
Bd2 O-O 9. O-O c6 10. a3 Bd6 11. Re1 Qc7 12. h3 Bc5 13. Be3 Bxe3 14. Rxe3 Rd8
15. Qe2 d5 16. exd5 cxd5 17. Nxd5 Nxd5 18. Re8+ Rxe8 19. Qxe8# 1-0

[Event "Junior Online 4NCL Division 5"]
[Site "online"]
[Date "2020.05.28"]
[Round "7.93"]
[White "Syposz, Adam"]
[Black "Webb, Tom"]
[Result "0-1"]
[WhiteElo "1337"]
[BlackElo "1285"]
[PlyCount "42"]
[EventDate "2020.05.28"]
[WhiteTeam "Cambridge Chess & Go B"]
[BlackTeam "Ojays G"]

1. e4 e5 2. Nf3 Nc6 3. Nc3 Nf6 4. Bc4 Nxe4 5. Nxe4 d5 6. Nf6+ gxf6 7. Bb5 a6 8.
Ba4 Bg4 9. h3 Bh5 10. O-O e4 11. Qe1 Qd7 12. Nh2 O-O-O 13. d3 Rg8 14. g4 f5 15.
Kh1 fxg4 16. hxg4 Bxg4 17. Rg1 Bd6 18. Nxg4 Rxg4 19. Rxg4 Qxg4 20. Qg1 Qh3+ 21.
Qh2 Qxh2# 0-1

[Event "Junior Online 4NCL Division 5"]
[Site "online"]
[Date "2020.05.28"]
[Round "7.94"]
[White "Chen, Yourui"]
[Black "Lee, Isaac"]
[Result "1-0"]
[WhiteElo "1270"]
[BlackElo "1240"]
[PlyCount "55"]
[EventDate "2020.05.28"]
[WhiteTeam "Ojays G"]
[BlackTeam "Cambridge Chess & Go B"]

1. e4 e5 2. Nf3 Nc6 3. Bc4 Bc5 4. d4 exd4 5. Ng5 Nh6 6. O-O O-O 7. Nf3 d6 8.
Bxh6 gxh6 9. c3 dxc3 10. Nxc3 Kh8 11. h3 Rg8 12. Bxf7 Rg7 13. Bd5 Bxh3 14. Ne1
Qg8 15. Qf3 Qf8 16. Qxh3 Qe7 17. Qe6 Qg5 18. Qh3 Nd4 19. Bxb7 Rag8 20. Bd5 Rf8
21. Rd1 c6 22. Bxc6 Nxc6 23. Rd5 Qf6 24. Rf5 Qd8 25. Qxh6 Rg6 26. Rxf8+ Qxf8
27. Qxf8+ Rg8 28. Qf6+ 1-0

[Event "Junior Online 4NCL Division 5"]
[Site "online"]
[Date "2020.05.28"]
[Round "7.95"]
[White "Deeke, James"]
[Black "Xu, Jiarui"]
[Result "0-1"]
[WhiteElo "1360"]
[BlackElo "1420"]
[PlyCount "110"]
[EventDate "2020.05.28"]
[WhiteTeam "Ojays G"]
[BlackTeam "Cambridge Chess & Go B"]

1. e4 e5 2. Nf3 Nc6 3. Bb5 d6 4. h3 Bd7 5. O-O a6 6. Ba4 Nf6 7. Re1 Be7 8. d3
O-O 9. Bxc6 Bxc6 10. Nc3 h6 11. Qe2 a5 12. Nh4 Nxe4 13. Nxe4 Bxh4 14. c4 Be7
15. Bd2 b6 16. b4 axb4 17. Bxb4 Ra4 18. a3 Bb7 19. Nc3 Ra6 20. Nd5 Bxd5 21.
cxd5 Qa8 22. d4 Qxd5 23. dxe5 c5 24. exd6 Bxd6 25. Qxa6 cxb4 26. Red1 Qa5 27.
Qxa5 bxa5 28. Rxd6 b3 29. Rb6 a4 30. Rc1 Rd8 31. Ra6 Rd4 32. Kf1 b2 33. Rb1 Rd2
34. Ke1 Rc2 35. Rxa4 Rc1+ 36. Rxc1 bxc1=Q+ 37. Ke2 Qc2+ 38. Kf1 Qxa4 39. Kg1
Qxa3 40. Kh2 g5 41. Kh1 f5 42. Kh2 h5 43. Kh1 h4 44. Kh2 f4 45. Kh1 Qc1+ 46.
Kh2 Qe1 47. f3 Qg3+ 48. Kh1 Kf7 49. Kg1 Ke6 50. Kh1 Kd5 51. Kg1 Kd4 52. Kf1 Ke3
53. Kg1 Qe1+ 54. Kh2 Kf2 55. g3 Qg1# 0-1

[Event "Junior Online 4NCL Division 5"]
[Site "online"]
[Date "2020.05.28"]
[Round "7.96"]
[White "Ke, Kevin"]
[Black "Liu, Franklin"]
[Result "0-1"]
[WhiteElo "1345"]
[BlackElo "1300"]
[PlyCount "112"]
[EventDate "2020.05.28"]
[WhiteTeam "Cambridge Chess & Go B"]
[BlackTeam "Ojays G"]

1. d4 Nf6 2. Nc3 g6 3. e4 d6 4. Nf3 Nc6 5. Bc4 Bg7 6. Bf4 e6 7. O-O b6 8. Qe2
Bb7 9. d5 Na5 10. Bb3 Nxb3 11. axb3 e5 12. Bg5 O-O 13. Bxf6 Bxf6 14. Ra4 Bg7
15. Qe3 f6 16. Rfa1 a5 17. h3 Qd7 18. Nd2 Rfe8 19. Nc4 Rad8 20. Qe2 b5 21. Rxa5
bxc4 22. Qxc4 f5 23. Ra7 Ra8 24. Kh2 Bf6 25. exf5 gxf5 26. Nb5 Rec8 27. Rxa8
Bxa8 28. Ra7 Bd8 29. g3 Kf8 30. f4 e4 31. Kg2 h5 32. h4 Kf7 33. Kf2 Kg8 34. Ke3
Kf7 35. Qe2 Kg6 36. c4 Bf6 37. Qd2 Qg7 38. Qa5 Bd8 39. Rxa8 Rxa8 40. Qxa8 Bf6
41. Qa2 Bxb2 42. Kd2 Bf6 43. Ke3 Bb2 44. Kd2 Bf6 45. Ke3 Bb2 46. Kd2 Bd4 47.
Ke2 Bc5 48. Kd2 Kh7 49. Ke2 Qxg3 50. Nxc7 Qf3+ 51. Ke1 Qh1+ 52. Ke2 Qh2+ 53.
Kf1 Qxa2 54. Ke1 Be3 55. c5 Qd2+ 56. Kf1 Qf2# 0-1

[Event "Junior Online 4NCL Division 5"]
[Site "online"]
[Date "2020.05.28"]
[Round "7.97"]
[White "Webb, Tom"]
[Black "Syposz, Adam"]
[Result "1/2-1/2"]
[WhiteElo "1285"]
[BlackElo "1337"]
[PlyCount "145"]
[EventDate "2020.05.28"]
[WhiteTeam "Ojays G"]
[BlackTeam "Cambridge Chess & Go B"]

1. e4 e5 2. Nf3 d6 3. Bc4 Bg4 4. h3 Bh5 5. Nc3 Nc6 6. d3 Nf6 7. Bg5 h6 8. Bh4
Be7 9. O-O Nd4 10. g4 Nxg4 11. hxg4 Nxf3+ 12. Qxf3 Bxh4 13. Qf5 O-O 14. Qxh5
Qg5 15. Qxg5 Bxg5 16. Nd5 c6 17. Nb4 Rac8 18. c3 a5 19. Nc2 b5 20. Bb3 a4 21.
f4 exf4 22. Bxf7+ Rxf7 23. Kg2 g6 24. Nd4 c5 25. Ne6 Bh4 26. Rxf4 Rf6 27. Rxf6
Bxf6 28. Nf4 g5 29. Nd5 Bd8 30. Rf1 Ra8 31. Nf6+ Kg7 32. Nh5+ Kg6 33. Rf8 Rb8
34. Rf1 Ra8 35. Re1 a3 36. b3 Ra6 37. e5 dxe5 38. Rxe5 Rc6 39. Re8 Ba5 40. Ra8
Bxc3 41. Rxa3 Rd6 42. Ra7 Rxd3 43. Rc7 Rd2+ 44. Kf3 Rd3+ 45. Ke2 Rd2+ 46. Ke3
Rxa2 47. Rxc5 b4 48. Rc6+ Kf7 49. Rxh6 Rh2 50. Rh7+ Kg6 51. Rd7 Rh3+ 52. Ke4
Rh2 53. Rd3 Be1 54. Re3 Bc3 55. Rd3 Rb2 56. Rd1 Rxb3 57. Kd3 Be5+ 58. Kc4 Bc7
59. Kxb3 Ba5 60. Ka4 Bc7 61. Kxb4 Bf4 62. Kc4 Bb8 63. Kd5 Ba7 64. Ke6 Bc5 65.
Rf1 Kh7 66. Kf6 Be3 67. Rf3 Bc1 68. Rc3 Bb2 69. Kxg5 Bxc3 70. Kf5 Kg8 71. Kg6
Bd2 72. g5 Bxg5 73. Kxg5 1/2-1/2